Anuario estadístico de América Latina y El Caribe: 2000
Saved in:
| Corporate Authors: | , |
|---|---|
| Format: | Bog |
| Sprog: | engelsk spansk |
| Udgivet: |
Santiago
Naciones Unidas
2001
|
| Fag: | |
| Tags: |
Tilføj Tag
Ingen Tags, Vær først til at tagge denne postø!
|
MARC
| LEADER | 00000nam a2200000 a 4500 | ||
|---|---|---|---|
| 001 | UCM1742 | ||
| 003 | CL-VaPUC | ||
| 008 | 020412e20010200cl |||||||||||||||||eng|d | ||
| 041 | 0 | 7 | |a eng |2 CL-VaPUC |
| 041 | 0 | 7 | |a spa |2 CL-VaPUC |
| 082 | 0 | 4 | |a 310.98 |b COM |2 21 |
| 110 | 2 | |a Comisión Económica para América Latina |e author |9 468563 | |
| 710 | 2 | |a Economic Commission for Latin America and The Caribbean |e author |9 468564 | |
| 245 | 1 | 0 | |a Anuario estadístico de América Latina y El Caribe: 2000 |
| 246 | 1 | 0 | |a Statistical yearbook for Latin America and The Caribbean: 2000 |
| 300 | |a 772 p | ||
| 942 | |c BK | ||
| 945 | |d 20020412 00:00:00 |a vberengu | ||
| 260 | |a Santiago |b Naciones Unidas |c 2001 | ||
| 650 | 0 | |a Anuarios |9 258977 | |
| 650 | 0 | |a Estadísticas |9 258644 | |
| 650 | 0 | |a Desarrollo económico y social |9 256320 | |
| 651 | 0 | |a América Latina |9 255027 | |
| 651 | 7 | |a EL ISLAS CARIBES |2 CL-VaPUC |9 353142 | |
| 583 | |a last modification |c 20150423 04:45:36 |k Rodrigo Vera | ||
| 999 | |c 299983 |d 299981 | ||
| 952 | |0 0 |1 0 |4 0 |6 310_980000000000000_COM_2001 |7 0 |8 A |9 357236 |a BIBING |b BIBING |d 2019-11-21 |i 3808653 |o 310.98 COM 2001 |p 3808653 |r 2025-01-20 |w 2019-11-21 |y BK |k GEO | ||